000 00585nam a2200181 u 4500
001 000034592
005 20200930073803.0
008 111010s2006 cl a 000 0 spa d
020 _a9583001805
040 _aDO-SdBNP
_bspa
_cBNPHU
082 _axxxx
_bxxxx
100 1 _aLandau, I.
_960029
245 1 0 _aQué es la teoría de la relatividad /
_cI. Landau, Y. Rumer; prólogo Jesús A. Carvajal Valderrama.
260 _aBogotá, :
_bPanamericana,
_c2006.
300 _a81 p. :
_bil. ;
_c21 cm.
700 1 _aRumer, Y.
_960030
700 1 _aCarvajal Valderrama, Jesús A.,
_epról.
_960031
999 _c34083
_d34083